La liga de los cabezas rojas /
Guardado en:
| Autor Principal: | |
|---|---|
| Otros Autores: | |
| Formato: | Libro |
| Publicado: |
Buenos Aires :
Colihue,
2013
|
| Series: | Los grandes para los chicos
|
| Materias: | |
| Etiquetas: |
Agregar Etiqueta
Sin Etiquetas, Sea el primero en etiquetar este registro!
|
| LEADER | 00743nam a22002415a 4500 | ||
|---|---|---|---|
| 001 | CEM.cems015419 | ||
| 005 | 20191204181553.0 | ||
| 008 | 130507s2013##################000#0#####d | ||
| 003 | CEMS | ||
| 020 | |a 9789876849760 | ||
| 082 | 0 | 4 | |a 823.8 |
| 100 | 1 | |a Doyle, Arthur Conan | |
| 245 | 1 | 0 | |a La liga de los cabezas rojas / |c Arthur Conan Doyle ; ilustrado Por Sanyú |
| 260 | |a Buenos Aires : |b Colihue, |c 2013 | ||
| 300 | |a 48 p. | ||
| 490 | 0 | |a Los grandes para los chicos | |
| 653 | |a Literatura | ||
| 653 | |a Literatura inglesa | ||
| 653 | |a Literatura infantil | ||
| 653 | |a Cuentos infantiles | ||
| 653 | |a Colección ciencias de la educación | ||
| 700 | 1 | |a Sanyú; il. | |
| 859 | |a CEMS |b BIB. CEMS - Ccias. Educacion |h 823.8 |i D722-1 |k CE |p 28819.19 |t Ej.1 | ||
